Welcome to the Holygrace Academy Library

Please use search bar below to get started

THE SEWING BOOK (Record no. 5913)

MARC details
000 -LEADER
fixed length control field 00409nam a22001457a 4500
020 ## - INTERNATIONAL STANDARD BOOK NUMBER
ISBN 978-0-7566-4280-8
082 ## - DEWEY DECIMAL CLASSIFICATION NUMBER
Classification number 646
Item number SMI/S
100 ## - MAIN ENTRY--AUTHOR NAME
Personal name SMITH, ALISON
245 ## - TITLE STATEMENT
Title THE SEWING BOOK
260 ## - PUBLICATION, DISTRIBUTION, ETC. (IMPRINT)
Place of publication LONDON
Name of publisher DORLING KINDERSLY
Year of publication 2009
300 ## - PHYSICAL DESCRIPTION
Number of Pages 399
520 ## - SUMMARY, ETC.
Summary, etc CLOTHES, HOME ACCESSORIES, BEST TOOLS, STEP BY STEP TECHNIQUES, CREATIVE PROJECTS
650 ## - SUBJECT ADDED ENTRY--TOPICAL TERM
Topical Term FASHION STUDIES
Geographic subdivision UNITED KINGDOM
942 ## - ADDED ENTRY ELEMENTS (KOHA)
Koha item type Books
Holdings
Withdrawn status Lost status Collection code Home library Current library Shelving location Date acquired Source of acquisition Full call number Accession Number Koha item type
    Reference Main Library Main Library SHELF 15G- FASHION,COOKING 27/07/2018 purchase 646 SMI/S 10233 Books